Zgadnij kraj po rysunku zwierzaka z jego flagi. - Statystyki

Ogólne statystyki
  • Ten quiz został rozwiązany 17 razy
  • Średni wynik to 5 z 10
Statystyki odpowiedzi
Obrazkowy Odpowiedź % Poprawnych
Albania
100%
Egipt
75%
Sri Lanka
69%
Meksyk
56%
Papua Nowa Gwinea
56%
Dominika
50%
Serbia
50%
Kiribati
19%
Ekwador
6%
Zambia
6%
Nie znaleziono quizów pasujących do podanych kryteriów
Rozkład punktacji
Procent ludzi z każdym wynikiem
Percentyl według liczby udzielonych odpowiedzi
Twoja historia wyników
Nie rozwiązałeś tego quizu